LEADER 00956nam a2200205 i 4500 001 000000058668 003 CaOOAMICUS 005 20060715000000.0 008 060715s1935 xx u000 u lat u 013 $a29840 040 $aSeMil$bita 240 10$aInformatio super dubio ; Summarium super dubio ; Animadversiones ; Responsio ad animadversiones ;.$0(OLS)http://semarc/title/91500 245 10$aPositio super non cultu. 300 $a1 v. (varie sequenze). 650 4$aSanti - Canonizzazione.$0(OLS)http://semarc/subject/1571 650 4$aRiccardi, Placido .$0(OLS)http://semarc/subject/2615 773 0 $tSabinen. Beatificationis et canonizationis servi Dei Placidi Riccardi sacerdotis et monachi Ordinis S. Benedicti.$dRomae : Typis Guerra et Belli, 1934-1945.$w()16050 850 $aSeMil 852 $aSeMil$W1$xVenegono$y1$m6W I 49$j24821$B24821$CSeMilBibl$Z2$F24824 $8I 996 $6245$aPositio super non cultu$9(OLS)http://semarc/title/90410 LEADER 00498nab a2200145 i 4500 001 000000270170 003 CaOOAMICUS 005 20180831164838.0 008 180831n xx uu u0 0und r 013 $a16337 040 $aSeMil$bita 245 10$a[vedi periodico]. 773 0 $tFreedom, Will, and Nature.$dHouston : University of Saint Thomas, copyr. 2008.$z978-1-889680-64-4$w()176858 774 0 $tACPA Reports and Minutes [2006-2007].$w()306173 996 $6245$a[vedi periodico]$9(OLS)http://semarc/title/309439